Lecciones elementales de Ortografía y Prosodia. Parte segunda

I tiakina i:
Ngā taipitopito rārangi puna kōrero
Kaituhi matua: Sicilia, Mariano José (Author)
Hōputu: Pukapuka
Reo:Pāniora
I whakaputaina: Madrid Imprenta Real 1832
Putanga:1a. ed
Ngā marau:
Ngā Tūtohu: Tāpirihia he Tūtohu
Kāore He Tūtohu, Me noho koe te mea tuatahi ki te tūtohu i tēnei pūkete!

MARC

LEADER 00000nam a2200000 a 4500
001 UCJ8449
003 CL-VaPUC
008 070124e18320000SP |||||||||||||||||spa|d
082 0 4 |a 460  |b SIC  |2 21 
100 0 |a Sicilia, Mariano José  |e author  |9 517202 
245 1 0 |a Lecciones elementales de Ortografía y Prosodia. Parte segunda 
250 |a 1a. ed 
300 |a 220 p 
942 |c BK 
945 |d 20070124 00:00:00  |a rinostro 
260 |a Madrid  |b Imprenta Real  |c 1832 
650 0 |a Lenguaje y lenguas  |9 265846 
650 7 |a ORTOGRAFIA CASTELLANA  |2 CL-VaPUC  |9 517203 
583 |a last modification  |c 20070124 00:00:00  |k Rodrigo Vera 
999 |c 324161  |d 324159 
952 |0 0  |1 0  |4 0  |6 460_000000000000000_SIC_1832  |7 0  |8 X  |9 404104  |a FDOBUD  |b FDOBUD  |d 2019-11-22  |i 1078070  |o 460 SIC 1832  |p 1078070  |r 2019-11-22  |w 2019-11-22  |y BK_X  |k BUD